Fundamental Approaches to Software Engineering : 16th International Conference, FASE 2013, Held as Part of the European Joint Conferences on Theory and Practice of Software, ETAPS 2013, Rome, Italy, March 16-24, 2013. Proceedings /

Se presentan aquí 25 artículos seleccionados de las ponencias de la 16° Conferencia Internacional sobre Enfoques Fundamentales de la Ingeniería de Software, FASE, celebrada en Roma, Italia, entre los días 16 y 24 de marzo de 2013. Los contenidos están organizados bajo las siguientes temáticas: ingen...

Descripción completa

Guardado en:
Detalles Bibliográficos
Autores corporativos: International Conference on Fundamental Approaches to Software Engineering ( Roma, Italia), European Joint Conferences on Theory and Practice of Software
Otros autores: Cortellessa, Vittorio (edición) (edición), Varró, Dániel (edición) (edición)
Formato: Procedimiento de la conferencia Libro
Idioma:Español
Publicado: Heidelberg, Alemania : Springer, 2013, c2013
Colección:(Lecture Notes in Computer Science ; 7793)
Temas:
Acceso en línea:Ver documento en línea
Etiquetas: Agrega una etiqueta
Sin etiquetas, Sé el primero en etiquetar este registro!

MARC

LEADER 00000nam^a2200000^a^4500
001 000432144
005 20251023000000.0
009 20260310123008.169
020 |a 978-3-642-37057-1 
037 |a Acervo ITESO - Biblioteca 
041 |a ESP 
082 |a 005. 1  |b FASE 2013 
111 |a International Conference on Fundamental Approaches to Software Engineering (  |n 16° :  |d 2013 :  |c Roma, Italia) 
245 1 0 |a Fundamental Approaches to Software Engineering :  |b 16th International Conference, FASE 2013, Held as Part of the European Joint Conferences on Theory and Practice of Software, ETAPS 2013, Rome, Italy, March 16-24, 2013. Proceedings /  |c Ed. de V. Cortellessa, D. Varró. 
264 4 |a Heidelberg, Alemania :  |b Springer,  |c 2013, c2013 
264 2 |a Cham, Suiza :  |b Springer Link [distribución],  |c 2013 
300 |a 1 libro electrónico en línea (XIX, 376 p.) 
300 |a 1 recurso en línea 
336 |a datos para computadora  |b cod  |2 rdacontenido 
337 |a computadora  |b c  |2 rdamedio 
338 |a recurso en línea  |b cr  |2 rdasoporte 
440 1 |a (Lecture Notes in Computer Science ;  |v 7793) 
506 0 |a Licencias ilimitadas 
520 |a Se presentan aquí 25 artículos seleccionados de las ponencias de la 16° Conferencia Internacional sobre Enfoques Fundamentales de la Ingeniería de Software, FASE, celebrada en Roma, Italia, entre los días 16 y 24 de marzo de 2013. Los contenidos están organizados bajo las siguientes temáticas: ingeniería basada en modelos; verificación y validación; comprensión de software; herramientas de análisis; ingeniería impulsada por modelos: aplicaciones; transformaciones de modelos; y pruebas. 
649 |a XX 
650 |a Paquetes (Software) -  |x Prueba y Medición 
650 |a Programación (Software) -  |x Planeación 
650 |a Programación (Software) -  |x Tema Principal 
650 |a Ingeniería de Software -  |x Congresos -  |x Tema Principal 
650 |a Desarrollo de Sistemas 
650 |a Sistemas Computacionales 
650 |a Ingeniería Computacional 
700 |a Cortellessa, Vittorio  |e (edición) 
700 |a Varró, Dániel  |e (edición) 
711 |a European Joint Conferences on Theory and Practice of Software (  |n 16° :  |d 2013 :  |c Roma, Italia) 
856 4 0 |u https://link-springer-com.ezproxy.iteso.mx/10.1007/978-3-642-37057-1  |y Ver documento en línea 
910 |a Fondo General 
920 |a Electrónicos - Libros en Línea 
930 |a Plataforma Digital 
905 |a 205 
901 |a 732144-1  |b IT2  |c EBO  |i C172346  |u 20250521 
902 |a https://opac.biblio.iteso.mx/vufind/Record/000432144